Inteligentná budova pre VSŽ

Podrobná bibliografia
Korporatívny autor: Východoslovenské železiarne (Košice, Slovensko) (Autor)
Médium: Článok
Jazyk:slovenčina
Predmet:

MARC

LEADER 00000nab a2200000 a 4500
001 vtls000919916
003 SK-MaSNL
005 20260303033834.0
008 040720e19931127xo 0 slo
035 |a KE28793 
040 |a KEVKJB  |b slo  |c KEVKJB  |e AACR2 
041 0 |a slo 
044 |a xo  |c SK 
080 |a 669.1  |2 1981 
080 |a 681.3  |2 1981 
245 0 0 |a Inteligentná budova pre VSŽ 
610 2 7 |a Východoslovenské železiarne (Košice, Slovensko)  |2 KEVKJB 
650 0 7 |a stredisko výpočtové  |2 KEVKJB  |9 881624 
650 0 7 |a charakteristika  |2 KEVKJB  |9 30093 
650 0 7 |a informácie  |2 KEVKJB  |9 1285 
651 7 |a KE,  |2 KEVKJB  |9 877256 
655 7 |a periodikum  |2 snkbucl  |9 29553 
710 2 |a Východoslovenské železiarne (Košice, Slovensko)  |4 aut 
773 0 8 |t Lúč  |g Roč. 2, č.277, 27.11.1993, s. 1 
852 |a ZVYKNI  |b KIS3GCP 
999 |c 1671521  |d 1673451